| 000 | 00720cam a2200193 a 4500 | ||
|---|---|---|---|
| 020 | _a0784402175 | ||
| 082 | 0 | 0 |
_a693.854 _bHIN _cL-39, P-193 |
| 100 | 1 |
_aHinman, Eve E. _946792 |
|
| 245 | 1 | 0 |
_aLessons from the Oklahoma City bombing : _bdefensive design techniques / _cEve E. Hinman & David J. Hammond. |
| 260 |
_aNew York, N.Y. : _bASCE Press, _cc1997. |
||
| 300 |
_axi, 48 p. : _bill. (some col.) ; _c28 cm. |
||
| 526 |
_a0 _b0 _c0 _d693_854000000000000_HIN |
||
| 650 | 0 |
_aBuilding, Bombproof. _913123 |
|
| 650 | 0 |
_aBuildings _xBlast effects. _913124 |
|
| 650 | 0 |
_aMCE _9379 |
|
| 650 | 0 |
_aOklahoma City Federal Building Bombing, Oklahoma City, Okla., 1995. _946793 |
|
| 700 | 1 |
_aHammond, David J. _946794 |
|
| 942 |
_2ddc _cBK |
||
| 999 |
_c550029 _d550029 |
||